Withdrawal and bending strengths of dowels from three Malaysian timbers (Record no. 48313)

MARC details
000 -LEADER
fixed length control field 00400nam a2200145Ia 4500
100 ## - MAIN ENTRY--AUTHOR NAME
Personal name Said Ahmad
245 #0 - TITLE STATEMENT
Title Withdrawal and bending strengths of dowels from three Malaysian timbers
260 ## - PUBLICATION, DISTRIBUTION, ETC. (IMPRINT)
Name of publisher Journal of Tropical Forest Science
Year of publication 1993
300 ## - PHYSICAL DESCRIPTION
Number of Pages 74-80
700 ## - ADDED ENTRY--PERSONAL NAME
Personal name Ashaari H A
700 ## - ADDED ENTRY--PERSONAL NAME
Personal name Hilmi M T
700 ## - ADDED ENTRY--PERSONAL NAME
Personal name Roslan A
942 ## - ADDED ENTRY ELEMENTS (KOHA)
Koha item type Bibliography RLWO
Holdings
Withdrawn status Lost status Damaged status Not for loan Home library Current library Date acquired Serial Enumeration / chronology Koha item type
      Bibliography RRII Library RRII Library 31/12/2021 Volume 6, Issue 1 Bibliography RLWO